| 000 | 00391nam a22001337a 4500 | ||
|---|---|---|---|
| 999 |
_c15326 _d15326 |
||
| 082 |
_a631.587 _bJAY/QU |
||
| 100 |
_aJAYASREE S _92979 |
||
| 245 | _aQuantitative analysis of runoff parameters in selected river basins of Kerala | ||
| 260 |
_aTavanur _bKelappaji College of Agricultural Engineering and Technology _c1990 |
||
| 300 | _a115 | ||
| 500 | _aThesis | ||
| 520 | _aThesis | ||
| 942 | _cTH | ||